[Event "Politiken Cup 21st"]
[Site "Copenhagen"]
[Date "1999.07.08"]
[Round "6"]
[White "Aagaard, Jacob"]
[Black "Schandorff, Lars"]
[Result "0-1"]
[WhiteElo "2403"]
[BlackElo "2514"]
[Annotator "Aagaard,J"]
[PlyCount "82"]
[EventDate "1999.07.04"]
[EventType "swiss"]
[EventRounds "11"]
[EventCountry "DEN"]
[SourceTitle "EXT 2001"]
[Source "ChessBase"]
[SourceDate "2000.11.22"]
[SourceVersion "1"]
[SourceVersionDate "2000.11.22"]
[SourceQuality "1"]

1. e4 c5 2. Nf3 Nc6 3. Nc3 e5 4. Bc4 d6 5. d3 Be7 6. Nd2 Nf6 7. Nf1 Bg4 8. f3
Be6 9. Ne3 O-O 10. O-O Ne8 11. Ncd5 Bg5 12. f4 exf4 13. Nxf4 Bxf4 14. Rxf4 Bxc4
15. Nxc4 (15. dxc4 $5 $13) 15... d5 16. exd5 Qxd5 17. Qf3 $1 (17. a4 $2 {
Sørensen-Schandorff, Danish 1.division 1999. (0-1).}) 17... Nc7 18. Qf2 Ne6 19.
Rf5 Qd7 20. Be3 b6 21. Qg3 Ncd4 22. Rf2 f6 23. Re1 Rad8 24. h3 Kh8 25. c3 $2
Nc6 26. Bc1 b5 27. Nd2 Ne5 $19 28. Rfe2 Rfe8 29. Nf3 Nxd3 30. Rf1 c4 31. Qg4
Nec5 32. Qxd7 Nxd7 33. Rxe8+ Rxe8 34. Nd4 a6 35. b3 N7c5 36. bxc4 bxc4 37. Ba3
Ne4 38. Rb1 Nxc3 39. Rb7 Nb5 40. Nxb5 axb5 41. Rxb5 Kg8 0-1

[Event "EU-ch 14th"]
[Site "Legnica"]
[Date "2013.05.09"]
[Round "5"]
[White "Almasi, Zoltan"]
[Black "Moiseenko, Alexander"]
[Result "1/2-1/2"]
[WhiteElo "2695"]
[BlackElo "2698"]
[Annotator "Almasi,Z"]
[PlyCount "130"]
[EventDate "2013.05.05"]
[EventType "swiss"]
[EventRounds "11"]
[EventCountry "POL"]
[SourceTitle "CBM 155"]
[Source "ChessBase"]
[SourceDate "2013.07.16"]
[SourceVersion "1"]
[SourceVersionDate "2013.07.16"]
[SourceQuality "1"]

{This game was played in Round 5, when my opponent was leading the event with
4/4. I was half a point behind him, and I had the white pieces.} 1. e4 c5 2.
Nf3 Nc6 3. Bb5 {Surprise! I had played this move only a few times during my
career. This was unexpected from me.} e6 4. O-O Nge7 5. Re1 Nd4 6. Nxd4 cxd4 7.
d3 Ng6 {This was almost a novelty. According to the big database, only one
game had been played before. The main move is ...a6, followed by ...b5 or ...
Nc6. I am sure Moiseeneko was afraid of my preparation, that's why he avoided
the main lines, and decided to play in a different way. As we know, surprise
is a very effective weapon!} ({One of the last games went:} 7... a6 8. Ba4 b5
9. Bb3 Bb7 10. Nd2 Nc6 11. f4 Na5 12. Bd5 Be7 13. Bxb7 Nxb7 14. Nf3 Qb6 15. Qe2
Na5 16. Qf2 Bc5 17. a3 b4 18. axb4 Bxb4 19. Rf1 Bc5 20. f5 f6 21. fxe6 dxe6 22.
b4 Bxb4 23. Rb1 Qc5 24. Nxd4 e5 25. Ne6 Qxf2+ 26. Kxf2 Kf7 27. Rxb4 Kxe6 28.
Rb6+ Kd7 29. Bd2 Nc6 30. Rb7+ Ke6 31. Rxg7 a5 32. Ra1 Rhb8 33. Ra2 h5 34. Rc7
Rc8 35. Rb7 Rcb8 36. Rh7 Rh8 37. Rxh8 Rxh8 38. Rb2 Ra8 39. c3 Rb8 40. Rxb8 Nxb8
41. Bc1 Nd7 42. Ba3 f5 43. exf5+ Kxf5 44. c4 e4 45. Ke3 exd3 46. Kxd3 Ne5+ 47.
Kd4 Ke6 48. c5 Nc6+ 49. Kc4 Ne5+ 50. Kd4 Nc6+ 51. Ke4 Ne5 52. Bb2 Nc4 53. Bc3
a4 54. h4 a3 55. c6 a2 56. Kf4 Nd6 57. Ba1 Kd5 58. c7 Kc6 59. Kg5 {1-0 (59)
Caruana,F (2786)-Gelfand,B (2751) Tashkent UZB 2012}) {I spent 15-20 minutes
on this position to find the best way. The position is very complex and deep,
so it is important to make the right decision at the right time.} 8. Qh5 {
I think I found one of the best practical moves in a human game! This move is
trying to put Black under pressure.} (8. f4 {This was a very natural and
logical move, but I did not like it, because after} Qc7 {if I move my pawn
structure, then Black gets some important squares, which was not my idea.} 9.
f5 {[%cal Rd6h2]} (9. e5 $2 a6 10. Ba4 b5 11. Bb3 Bb7 $15 {[%cal Rb7g2,Yd7d6]})
9... Ne5 (9... Bd6 {the recommendation of the engine is also worth considering}
)) 8... e5 $6 {Not the best. Black has already made a committal move! It is a
logical measure aganist f4-f5, but the white-squared bishop becomes very
strong on the a2-g8 diagonal, and Black loses control over the d5-square.} (
8... a6 9. Bc4 b5 10. Bb3 Bb7 11. f4 $5) (8... Qa5 $4 9. Bxd7+) (8... Qc7 $5 9.
Bc4 {with a playable position} (9. Nd2)) 9. Bc4 $1 {This suddenly points out
the drawback of e6-e5, and of course ...Qa5 was the plan for Black.} Be7 10. c3
$1 (10. f4 {would be very logical, but Black gets too many squares and too
much counterplay:} exf4 11. Bxf4 O-O 12. Bg3 d6 13. Nd2 Bf6 (13... Ne5 $1 14.
Bxe5 g6 $1) (13... Bg5 $6 14. Nf3 Be3+ $2 15. Rxe3 dxe3 16. Ng5 h6 17. Nxf7
Rxf7 18. Qxg6 $18)) 10... dxc3 $6 (10... O-O {was better, leaving the d4-pawn
where it is, even if it can become weak later, because now Black helps White
in developing his pieces.}) 11. Nxc3 O-O {White has a very beautiful position!
The white minor pices are controlling the centre, especially the weak
d5-square.} 12. Be3 d6 13. d4 $5 (13. Nd5 Be6 14. Rac1 Qd7 $14) 13... Kh8 14.
Nd5 (14. Rad1 {was more precise.}) 14... f5 {The only chance for Black to get
a somewhat unbalanced position, where White can make a wrong decision.} 15.
exf5 Bxf5 16. dxe5 $6 ({My first idea was to bring the rook into the game, and
force Black to lose a tempo, but when I saw ...Bh4 I was too lazy to calculate.
} 16. Rad1 $16 Rc8 17. Bb3 Bh4 18. g3 {or} (18. dxe5 Nxe5 19. Rd4 $1 {[%cal
Yd4h4]}) 18... Qd7 $6 19. gxh4 Bg4 20. Qg5 {White is just winning.}) 16... Nxe5
17. Nxe7 Qxe7 {White has the bishop pair, and Black has a weak d6-pawn. I need
to reorganise the bishops, what is not easy.} 18. Bd4 $6 (18. Bf1 h6 {[%cal
Yf5g4]} 19. Bd4) 18... Bg6 $1 19. Qe2 Qh4 {Now White has to exchange one of
his bishops, but he still has some advantage.} 20. Bxe5 dxe5 {[%csl Re5]} 21.
Rad1 $14 {First it looks nothing special, but it can be very unpleasant if
White can regroup his pieces and build a fortress on the e4-square.} Rae8 22.
Bd5 $1 b6 {Black just tried to defend everything and not to play any committal
moves, just like in the opening.} ({If} 22... e4 23. Qe3 {I just blocked that
pawn, and later I will try to win it after exchanging some pieces.}) 23. f3 $1
{I have fixed the pawn on e5, defended my f2-pawn, and made a strong square on
e4 for my army.} h6 24. Be4 {It is not easy for Black! He has to choose
between two bad moves.} Bxe4 (24... Bf7 {[%cal Rb1h7]}) 25. Qxe4 Qg5 (25... Rf4
26. Qc6) 26. Rd5 $1 $16 Rf5 (26... Rf4 27. Qe3 {[%csl Re5][%cal Re3g5]}) {
I need to create more weaknesses in Black's position, and the rook is always
good on the 7th rank.} 27. Rd7 {Here my opponent started to struggle with time
trouble at an early stage, which was not a good sign for him! A definitely
worse position with no time is almost equal to losing the game.} a5 28. Rd6 Rf6
29. Rxf6 Qxf6 30. h3 $1 {I prepared to play f4, beacuse there is no problem on
the first rank, and the e5-pawn is still in danger.} ({A dirty trick of Black
is} 30. f4 $2 Rf8 $1 $11) {Aleksander felt very uncomfortable here! The clock
was running fast, and the problems were becoming more concrete and bigger than
before!} 30... g5 {I was happy to see this move!} ({Black should play
something like} 30... Kg8 31. f4 {and just give the e5-pawn, and try to build
a blockade on e6.}) 31. Rc1 {The position of the black king is dubious! Let's
occupy the open file, and try to penetrate Black's position.} Kg7 32. a4 $5 {
I also did not have too much time, that's why I did not want to force matters.
This kind of move can be unpleasant. I just fixed the black pawn structure,
and gave him the chance to make another mistake.} Re7 33. Rc6 Re6 34. Rc8 {
The black king will be in danger soon} Re7 $6 (34... Qe7 $142) 35. Qd5 $1 Qe6
36. Qd8 {Now Black is in big trouble! He needs to defend somehow, but he has
no time on the clock.} e4 $6 37. fxe4 {This was also was not bad. I just take
a pawn for free.} (37. g4 {The engine move is killing Black. It just takes the
h5- and f5-squares from the black king, and there is no escape!}) 37... Rd7 (
37... Qxe4 {This would be very risky at this moment.} 38. Qg8+ Kf6 39. Rf8+ Ke5
40. Qh8+ Kd5 41. Rd8+ Kc6 42. Qxh6+ Kb7 43. Qxg5 $18 {Black can be happy that
he is only two pawns down.}) 38. Qh8+ Kg6 39. Re8 {Forcing the black queen to
leave the a2-g8 diagonal to continue the attack.} Qf7 (39... Re7 $8 $16 {
and Black can still fight.}) 40. Rf8 $1 Rd1+ {An easy decision :)} 41. Kh2 {
The time trouble ended, but Black's position is totally lost! It's not only
the pawn, it's that the king can not escape from mate.} Qe6 42. e5 $6 (42. Re8
$1 {the killing move! Black can not hold any more. He needs to sacrifice the
queen, or he gets mated in two moves! I could have finished the game all of a
sudden. Rg8 or Qg8 is coming.}) 42... Kh5 $8 {I did not look for the winning
attack so hard, because I saw the rook ending with two or three extra pawns.}
43. Qf6 (43. Re8 Qc6 44. Rd8 $1 Rxd8 45. Qxd8 Kg6 46. Qd6+ $18 {the pawn
ending wins easily.}) 43... Qxf6 44. Rxf6 g4 {I did not expect my opponent to
resign, because he never resigns, and fights until the last moment, but he was
half a chess set down. It would be an acceptable decision at this moment to
surrender.} 45. Rxb6 {I wanted to find the easiest way.} (45. hxg4+ Kxg4 46.
Rxh6 Rd4 47. Rxb6 (47. b3 Rb4 48. e6 {winning})) 45... gxh3 {Of course.} 46.
Kxh3 Rd2 47. b4 ({The other option was} 47. Rb5 Kg6 (47... Kg5 48. Rxa5 Rxb2
49. Ra8 Re2 {if} 50. a5 Rxe5 51. a6 Re3+ 52. g3 Ra3 53. a7 Kh5) 48. Rxa5 Rxb2
49. Ra6+ Kf5 50. e6 Kf6 51. e7+ $18 {wins easily.}) 47... axb4 48. Rxb4 Rd3+
49. g3 Re3 $1 (49... Ra3 $2 50. Re4 $1) {Almost every move is winning.} 50. Rb5
(50. a5 Rxe5 51. Ra4 Re7 52. a6 Ra7 53. Ra5+ Kg6 54. Kg4 Kg7 55. Kh5 Kh7 56.
Ra4 Kg7 57. Rg4+ $18) (50. Kg2 Rxe5 $2 51. Rb5) 50... Re4 51. a5 (51. e6+ Kg6
52. a5) 51... Kg5 52. a6 $6 (52. e6+ {would be one of the best choices} Kf6 53.
Rh5 Kg6 54. a6 $18) 52... Ra4 53. e6+ Kf6 54. Re5 $1 (54. Rh5 $4 Rxa6 55. Rxh6+
Kg7 $11) 54... Ke7 55. Rh5 Kxe6 {Here I realised that I might have blundered!
But most likely I didn't, it's just that I must not be greedy! The point of
the position is the f5-square. If I can control it, and not let the black king
to go f5-g5, I am winning.} (55... Rxa6 {I saw that this is an easy job..} 56.
Rxh6) 56. Rh4 $3 {Black can never take on a6, and I can come up with the king,
and cut the black king from the kingside.} Ra1 57. Rxh6+ $4 {An unbelievable
move! I knew I can not let the black king to g5 beacuse it is a draw!} (57. Kg4
$3 {That is why I played Rh4 one move before. Do not ask why did not I play it.
} Ra4+ 58. Kf3 Ra3+ 59. Kf4 (59. Ke4 Rxg3 60. Rxh6+ Kd7 61. Rh8 $1 (61. a7 $2
Rg8 $1 $11 (61... Ra3 $4 62. Rh8 $18))) 59... Ra4+ (59... h5 60. Rxh5 Ra4+ 61.
Kg5 Ra5+ 62. Kh4 $1) 60. Ke3 Ra3+ {just walk to the queen side and support the
pawn} 61. Kd4 Kd7 62. Rxh6 Rxg3 63. a7 Ra3 (63... Rg8 64. Kc5 {and no time to
run back}) 64. Rh8 {the point!}) 57... Kf5 58. Kg2 Ra3 59. Kf2 Kg4 $4 (59...
Kg5 $1 {The only way to make a draw! It's a very difficult endgame}) 60. Rd6 $2
({Both king moves could win! I just come closer to the a-pawn, and the black
king is too far away to run back. Unfortunately I remembered another endgame I
studied, and I played for that. I did not have enough time to calculate long
lines.} 60. Ke1 Kg5 (60... Rxg3 61. Rg6+) (60... Kxg3 61. Kd2 Kf4 62. Kc2 Ke5
63. Kb2 Ra4 64. Kb3 Ra1 65. Kc4 $1 (65. Kb4 Kd5 $11)) 61. Rc6 Rxg3 62. Kd2 Kf5
{the only move which is winning!} 63. Rc8 Ra3 64. Ra8 Kg6 65. Kc2 Kg7 66. Kb2 {
as we know, this is a theoretically winning position. I knew where it is a
draw and where it is winning.}) (60. Ke2) 60... Kf5 $1 (60... Kg5 {is losing!}
61. Ke2) 61. Rb6 Kg4 62. Rd6 Kf5 63. Rc6 Kg4 64. Rf6 Kg5 65. Rd6 {I just
wanted to save some time to calculate the following line. Unfortunately, it
was the third time, and I could not continue to try to win the game, which is
now a theoretical draw, but there are a few things Black has to know!!} (65.
Rc6 Kf5 66. Ke2 Rxg3 67. Rc8 Ra3 68. Ra8 Kg6 69. Kd2 Kg7 {This position is a
theoretical draw, but Black has to find the way. I am sure my opponent knew
that!} 70. Kc2 Rh3 $8) 65... Kf5 1/2-1/2

[Event "Alushta1"]
[Site "Alushta"]
[Date "1994.??.??"]
[Round "2"]
[White "Gipslis, Aivars P"]
[Black "Fominyh, Alexander"]
[Result "1/2-1/2"]
[WhiteElo "2480"]
[BlackElo "2515"]
[Annotator "Ambroz,J"]
[PlyCount "56"]
[EventDate "1994.01.??"]
[EventType "tourn"]
[EventRounds "9"]
[EventCountry "UKR"]
[EventCategory "8"]
[SourceTitle "CBM 040"]
[Source "ChessBase"]
[SourceDate "1994.06.01"]
[SourceVersion "1"]
[SourceVersionDate "1994.06.01"]
[SourceQuality "1"]

1. e4 c5 2. Nf3 Nc6 3. Nc3 e6 4. Bb5 Qc7 (4... Nge7) (4... Nd4 5. O-O $5 a6 6.
Bd3 Ne7 7. Nxd4 cxd4 8. Ne2 d5 $5 9. exd5 Qxd5 10. c3 Nc6 11. Qc2 f5 12. cxd4
b5 13. Re1 $1 Nb4 14. Qc3 Nxd3 15. Qxd3 Bc5 $1 16. b3 O-O 17. Bb2 Bd6 $13 (
17... Bb6 $2 18. Qg3 Qd7 19. d5 $1 $16 {/^ a1-h8, Svidler,P-Zyla, Groningen op
1993})) 5. O-O a6 $6 (5... Nf6 6. Re1 d6 (6... a6 7. Bxc6 Qxc6 8. d4) 7. Bxc6+
(7. d4 cxd4 8. Nxd4 (8. Nd5 $1 Qd8 (8... exd5 9. exd5+ (9. exd5+ $16)) 9. Nxd4
Bd7 10. Bg5 exd5 (10... Rc8 {N} 11. Nf5 $1 {Ulibin,M-Akopian,V/Santiago 50/
(177)/1990}) 11. Bxc6 $1 bxc6 12. exd5+ Be7 13. Bxf6 gxf6 14. dxc6 Bc8 (14...
Be6 15. Rxe6 $1) 15. Qf3 Rb8 16. Re3 Rxb2 17. Rae1 Be6 18. Rxe6 fxe6 19. Qh5+
$18 {Rosentalis-Slekys, UdSSr 1988}) 8... Be7 9. Bf4 O-O 10. Nxc6 bxc6 11. e5
dxe5 12. Bxe5 Qb6 13. Bd3 Ba6 14. Bxa6 Qxa6 15. Qf3 Nd7 16. Bg3 Rfd8 17. Rad1
Nf6 18. Be5 Qb6 19. Qg3 Rxd1 20. Rxd1 Rd8 21. Rxd8+ Qxd8 22. h3 Kf8 23. Qe3 Qb6
24. Qxb6 axb6 25. Ne2 {Khalifman,A-Akopian,V/Vilnius/1988/0.5 (30)}) (7. d3 a6
8. Bxc6+ Qxc6 9. e5 Nd7 10. Bf4 dxe5 11. Nxe5 Nxe5 12. Bxe5 b6 13. Qh5 Bb7 $10
{Grinberg-Akopian, Belgrade 1988}) (7. Bf1 Be7 8. d4 cxd4 9. Nxd4 a6 10. a4 b6
11. g3 Bb7 12. Bg2 O-O 13. Nb3 Ne5 $10 {Doll-Schertel, Deutschland 1989}) 7...
Qxc6 8. d4 cxd4 9. Nxd4 Qd7 10. Qf3 Be7 11. Bg5 a6 12. Rad1 Qc7 13. Qg3 Bd7 14.
Nf5 $1 exf5 15. Bxf6 Bxf6 16. Nd5 Qc5 17. b4 Qc6 18. Nxf6+ gxf6 19. exf5+ Kf8
20. Rxd6 Qc7 21. Qf4 Rg8 22. Qh6+ Rg7 23. Qxf6 Bxf5 24. Rd5 Bh3 25. g3 {
Balashov-Kouatly /Toluca izt/1982/1-0 (42)}) 6. Bxc6 Qxc6 7. Re1 (7. d4 cxd4 8.
Qxd4 $5 d6 9. Bg5 h6 10. Bh4 e5 $2 11. Nxe5 $1 {Zagema,W-Kraut,R/Groningen op/
1988/1-0 (11)}) (7. d3 d6 (7... b5) 8. Qe2 b5 (8... Nf6 $10) 9. b3 g6 10. Bb2
Bg7 11. a4 b4 12. Nd1 Bxb2 13. Nxb2 a5 14. Nc4 Ba6 15. Nxa5 Bxd3 16. cxd3 Rxa5
17. Qb2 e5 18. Nd2 Ra7 19. f4 f6 20. Nc4 Ne7 21. fxe5 dxe5 22. Rf3 O-O 23. Raf1
Raa8 24. Qf2 Rad8 25. Nxe5 {Steglich,W-Melanchek,R/Bad Woerishofen op/1989/1-0
(26)}) 7... b5 (7... Nf6 8. d4 cxd4 (8... d6 9. d5 Qc7 10. dxe6 fxe6 11. e5 $5
dxe5 12. Nxe5 (12. Bg5 $5) 12... Bd6 13. Bf4 O-O 14. Bg3 b5 15. Ng4 Bxg3 16.
hxg3 Bb7 17. Nxf6+ Rxf6 18. Ne4 Bxe4 19. Rxe4 Rd8 20. Qe2 Rd6 21. Rd1 Qd7 22.
Rxd6 Qxd6 23. Re3 c4 24. c3 Kf7 25. Re4 {Dittmar,P-Effert,K/WÜRT-ch Möglingen 
(1)/1989/0.5 (43)}) 9. Nxd4 Qc4 10. e5 Nd5 11. Ne4 $16 f5 $2 12. b3 Qb4 13. a3
Qa5 14. Nxf5 $1 exf5 15. Nd6+ Bxd6 16. exd6+ Kf7 17. Re5 Qc3 18. Qxd5+ Kg6 19.
h4 h6 20. Rxf5 Qxc2 21. Qf7+ Kh7 {Rosentalis,E-Kristensen,B/Copenhagen AS04/
1988/1-0 (22)}) 8. a4 b4 (8... Bb7) 9. Nd5 Ne7 (9... Bb7 $6 10. Ne5 Qd6 11. Nc4
Qb8 12. Ndb6 $16 (12. d4 exd5 13. exd5+ Kd8 14. Qf3 $44)) 10. Ne5 Qd6 11. Nc4
Qc6 12. Ndb6 Rb8 13. a5 Ng6 (13... d5 14. Ne5 Qd6 15. d4 $140 $5 cxd4 16. Bf4
$16) 14. d4 (14. c3 $5 {/\ d4-d5}) 14... cxd4 15. Qxd4 {>< g7} f6 16. Be3 Bb7 (
16... Kf7 $142 17. Rad1 Be7 18. g3 $14 {()} (18. f4 $5 Nxf4 19. Bxf4 Rxb6 $1 (
19... Bc5 20. Bxb8 Bxd4+ 21. Rxd4 $16) 20. Bd6 $5 $44)) 17. Rad1 Rd8 18. f3 Be7
19. Nd6+ $1 Bxd6 20. Qxd6 Qxd6 (20... Qxc2 21. Nxd7 Kf7 22. Qxb4 $18) 21. Rxd6
h5 (21... Ne7 22. Red1 {>< d7} Nc6 23. Bc5) 22. Bd2 h4 23. Bxb4 $16 Rh5 24. c4
$6 (24. Kf2) 24... Ne5 $1 25. Bc3 h3 26. f4 $2 (26. g4 $1 Nxf3+ 27. Kf2 Nxe1
28. gxh5 Nc2 (28... Ke7 $2 29. Bb4 $1 Nc2 30. Rxd7+ $18) 29. h6 $1 Ke7 30.
Rxd7+ $1 Rxd7 31. Nxd7 gxh6 32. Nxf6 $16) 26... Nc6 27. b4 hxg2 28. Kxg2 f5 $13
1/2-1/2

[Event "Interzonal-16"]
[Site "Biel"]
[Date "1993.??.??"]
[Round "11"]
[White "Anand, Viswanathan"]
[Black "Sveshnikov, Evgeny"]
[Result "1/2-1/2"]
[WhiteElo "2725"]
[BlackElo "2570"]
[Annotator "Anand,V"]
[PlyCount "99"]
[EventDate "1993.07.16"]
[EventType "swiss"]
[EventRounds "13"]
[EventCountry "SUI"]
[SourceTitle "CBM 037"]
[Source "ChessBase"]
[SourceDate "1993.12.01"]
[SourceVersion "1"]
[SourceVersionDate "1993.12.01"]
[SourceQuality "1"]

1. e4 {Ftacnik} c5 2. Nf3 Nc6 3. Bb5 e6 4. O-O Nge7 5. c3 a6 6. Ba4 b5 7. Bc2
Bb7 8. d4 cxd4 9. Nxd4 d5 (9... Ng6 {Ftacnik} 10. f4 Be7 11. Be3 O-O 12. Nd2
Qc7 13. Rc1 Rad8 14. Qh5 e5 15. Nxc6 dxc6 16. f5 Nf4 $13 {Wolff,P-Abramovic/
Biel izt/1993/}) 10. Nxc6 Nxc6 $1 (10... Bxc6 {Ftacnik} 11. e5 Ng6 12. Re1 b4
13. Nd2 bxc3 14. bxc3 Be7 15. Nb3 Qc7 16. Qh5 Ba4 17. Bd2 Bc5 18. Qg4 {
Ivanchuk,V-Lputian,Sm/Biel izt/1993/}) 11. exd5 Qxd5 12. Qxd5 exd5 13. Be3 $1 (
13. Rd1 O-O-O 14. Be3 Ne5 15. Bb6 Re8) 13... O-O-O (13... Be7 {Ftacnik} 14. Nd2
O-O (14... Na5 15. Nb3 Nxb3 (15... Nc4 16. Bc5) 16. Bxb3 O-O 17. Rad1 $14) 15.
Nb3 $14) (13... g6 {Ftacnik} 14. Nd2 Bg7 15. Nb3 $14) (13... Na5 {Ftacnik} 14.
Re1) 14. Bb6 $1 Re8 (14... Rd6 15. Nd2 (15. Re1 $1 {Ftacnik}) 15... g6 (15...
Nb4 16. Bf5+) 16. Bb3) 15. Rd1 g6 (15... Ne5 {Ftacnik} 16. Nd2 Nc4 17. Nxc4
bxc4 18. b3 $14) 16. Nd2 Bg7 $6 (16... Bh6 $5 {Sveshnikov,E} 17. Bb3 (17. Nf1 {
Ftacnik} Re2 18. Bb3 Rxb2 19. Bxd5 Ne5 $13) (17. Nb3 Re2 18. Bd3 Rxb2 19. Bc5
Ne5 $1) 17... Re2 18. Nf3 Rxb2 19. Bxd5 Rc2 20. c4 $1 bxc4 21. Bxf7 $14 (21.
Bxc6 Bxc6 22. Nd4 Rb2 (22... Ba4 23. Nxc2 Bxc2 $14) 23. Ba5 Ba4 24. Bc3 Rb7 (
24... Bxd1 25. Bxb2 Ba4 26. Nf5 gxf5 27. Bxh8 Bd2 $1 $14))) 17. Nf1 $16 (17.
Nb3 {Ftacnik} Re2) 17... Re6 (17... Re2 $6 {Ftacnik} 18. Rac1 Bh6 (18... Rhe8
19. Ne3 $16) 19. Be3 $16) (17... Ne5 {Ftacnik} 18. Bd4 $14) 18. Bb3 Ne5 19. Bd4
f6 (19... Rg8 20. Bxe5 Rxe5 21. Ne3 Rd8 22. Rd3 f5 23. Rad1) 20. Bxe5 (20. Ne3
{Ftacnik} Nc4) 20... Rxe5 21. Ne3 Rd8 (21... Rhe8 {Ftacnik} 22. Kf1) 22. Rd3
Bf8 (22... f5 $1 23. Rad1 d4 $1 (23... Bh6 {Ftacnik} 24. Bxd5 Bxe3 25. Bxb7+
$18) 24. Nc2 $1 (24. cxd4 Re7 $44) 24... Be4 25. Rxd4 Rde8 $16) 23. Rad1 Bc5
24. Bxd5 Bxd5 25. Nxd5 $6 (25. Rxd5 $1 Rdxd5 (25... Rexd5 26. Rxd5 $18) 26.
Rxd5 Bxe3 27. Rxe5 Bxf2+ 28. Kxf2 fxe5 29. Ke3 Kc7 30. Kd3 $3 (30. Ke4 Kd6 31.
b3 a5 $1 32. a4 (32. g4 g5) 32... bxa4 33. bxa4 g5 $1 (33... Kc5 34. Kxe5 Kc4
35. Kd6 Kb3 (35... Kxc3 36. Kc5) 36. Kd5 Kxa4 37. c4 Kb4 38. c5 a4 39. c6 a3
40. c7 a2 41. c8=Q a1=Q 42. Qb7+ Ka3 43. Qa6+ Kb2 44. Qxa1+ Kxa1 45. Ke5 $18)
34. g4 h6 35. h3 Ke6 $13) 30... Kd6 31. c4 $18 (31. c4 $1 {Ftacnik} Kc5 32.
cxb5 axb5 33. Ke4 Kd6 34. a3 Ke6 35. b3 $18)) 25... Re2 26. b4 $4 (26. Nf4 $1
Rxd3 $8 27. Nxd3 Bf8 (27... Ba7 28. Kf1 Rc2 29. Ke1) 28. Kf1 Rc2 29. Rb1 Rd2
30. Ne1 Bh6 31. Nf3 Rc2 32. Nd4 Rd2 33. Ke1 $16 {/\ Ne2, f4}) 26... Rde8 $10 (
26... Bxf2+ $2 {Ftacnik} 27. Kf1 Rde8 28. Nxf6 R8e6 29. Rd8+ Kc7 30. R1d7+ Kc6
31. Rc8+ Kb6 32. Nd5#) (26... Ba7 $2 {Ftacnik} 27. Ne7+) 27. Rf1 Ba7 28. Nxf6 (
28. Rf3 f5) 28... Rxf2 29. Nxe8 Rf8+ 30. Rd4 Rxe8 31. Rf7 (31. Kf2 {Ftacnik}
Bxd4+ 32. cxd4 Kd7 33. Rc1 Re4 $10) 31... Bxd4+ 32. cxd4 Re2 $1 33. a3 Ra2 34.
Rxh7 (34. Rf3 {Ftacnik} Kd7 35. h4 Ke6) 34... Rxa3 35. Rg7 (35. d5 {Ftacnik}
Ra4 36. Rh4 Kd7) 35... Ra4 36. Rxg6 Kb7 $1 (36... Rxb4 37. Rxa6 Rxd4 $14) 37.
h4 Rxb4 38. Rg4 (38. h5 {Ftacnik} Rxd4 39. h6 b4 $10) 38... Rb1+ 39. Kh2 b4 40.
h5 Rf1 (40... b3 $2 {Ftacnik} 41. Rg3 a5 42. h6 a4 43. h7 b2 44. h8=Q) 41. h6
Rf8 42. d5 (42. h7 Rh8 43. Rg7+ Kc6 $1) 42... a5 43. h7 Rh8 44. Rg7+ Ka6 (44...
Kb6 45. d6 b3 46. d7 b2 47. d8=Q+ Rxd8 48. Rg8 b1=Q 49. h8=Q $10) 45. d6 b3 46.
d7 b2 47. Rg6+ $1 Ka7 48. d8=Q Rxd8 49. Rg7+ Ka6 50. Rg6+ (50. Rg6+ Kb7 51. Rg8
b1=Q 52. h8=Q $10) 1/2-1/2